Coupe du monde des mêmes - Statistiques

Statistiques générales
  • Ce quiz a été pris 3 fois
  • Le résultat moyen est 18 sur 32
Statistiques - réponses
Hint Réponse % Correct
Arlerbtron
100%
Arthcul
100%
Azerty
100%
Daniel
100%
Glpstkf
100%
Gontrend
100%
Groupe H Hiblidor
100%
Jean Claude François Régis
100%
Groupe A Louis
100%
Marboeuf
100%
Sakinarde
100%
Sans plomb 95
100%
Table de chevet
100%
Anais
50%
Assitoala
50%
Criploterapeute
50%
Emerik
50%
Groupe F Kurtis
50%
Marquusse
50%
Groupe G Rojikr
50%
Vélocipède
50%
Zebleture
50%
Ali baba
0%
Archibald
0%
Clitorine
0%
Colegera
0%
Groupe C Edgor
0%
Gargamoelle osseuse
0%
Groupe B Gélatrick
0%
Leondore
0%
Groupe D Marsielo
0%
Groupe E Mobleau
0%
Aucun quiz correspondant
Distribution des résultats
% des personnes avec chaque résultat
Percentile par nombre de réponses
Votre historique - résultats
Vous n’avez pas pris ce quiz